Statistics for Ice-cream Flavours

Click here to take the quiz!

General Stats

  • This quiz has been taken 372 times
  • The average score is 6 of 9

Answer Stats

Answer% Correct
chocolate
98%
strawberry
98%
vanilla
86%
cookie dough
85%
mint
79%
raspberry
79%
coffee
68%
Neapolitan
39%
choc chip
17%

Score Distribution

Percentile by Number Answered

Percent of People with Each Score

Your Score History

You have not taken this quiz